<?xml version="1.0" encoding="UTF-8"?>
<record
    xmlns:xsi="http://www.w3.org/2001/XMLSchema-instance"
    xsi:schemaLocation="http://www.loc.gov/MARC21/slim http://www.loc.gov/standards/marcxml/schema/MARC21slim.xsd"
    xmlns="http://www.loc.gov/MARC21/slim">

  <leader>00349nam a22001577a 4500</leader>
  <controlfield tag="003">SGT</controlfield>
  <datafield tag="020" ind1=" " ind2=" ">
    <subfield code="a">9789389776829</subfield>
  </datafield>
  <datafield tag="082" ind1=" " ind2=" ">
    <subfield code="a">616.07</subfield>
    <subfield code="b">R20G</subfield>
  </datafield>
  <datafield tag="100" ind1=" " ind2=" ">
    <subfield code="a">GARG, GOBIND RAI</subfield>
  </datafield>
  <datafield tag="245" ind1=" " ind2=" ">
    <subfield code="a">REVIEW OF PATHOLOGY AND GENETICS</subfield>
  </datafield>
  <datafield tag="250" ind1=" " ind2=" ">
    <subfield code="a">12TH</subfield>
  </datafield>
  <datafield tag="260" ind1=" " ind2=" ">
    <subfield code="a">JAYPEE</subfield>
    <subfield code="b">JAYPEE PUB </subfield>
    <subfield code="c">2020</subfield>
  </datafield>
  <datafield tag="300" ind1=" " ind2=" ">
    <subfield code="a">630</subfield>
  </datafield>
  <datafield tag="650" ind1=" " ind2=" ">
    <subfield code="a">PATHOLOGY</subfield>
  </datafield>
  <datafield tag="942" ind1=" " ind2=" ">
    <subfield code="2">ddc</subfield>
    <subfield code="c">BK</subfield>
    <subfield code="0">92</subfield>
  </datafield>
  <datafield tag="952" ind1=" " ind2=" ">
    <subfield code="0">0</subfield>
    <subfield code="1">0</subfield>
    <subfield code="2">ddc</subfield>
    <subfield code="4">0</subfield>
    <subfield code="7">0</subfield>
    <subfield code="8">MEDICAL</subfield>
    <subfield code="a">FM</subfield>
    <subfield code="b">FM</subfield>
    <subfield code="c">TXT</subfield>
    <subfield code="d">2021-03-26</subfield>
    <subfield code="e">ABC DELHI </subfield>
    <subfield code="g">1095.00</subfield>
    <subfield code="i">SGTU</subfield>
    <subfield code="l">37</subfield>
    <subfield code="o">616.07 R20G</subfield>
    <subfield code="p">FM12286</subfield>
    <subfield code="r">2025-10-13 00:00:00</subfield>
    <subfield code="s">2025-10-04</subfield>
    <subfield code="w">2021-02-19</subfield>
    <subfield code="y">BK</subfield>
    <subfield code="k">12725</subfield>
  </datafield>
  <datafield tag="952" ind1=" " ind2=" ">
    <subfield code="0">0</subfield>
    <subfield code="1">0</subfield>
    <subfield code="2">ddc</subfield>
    <subfield code="4">0</subfield>
    <subfield code="7">0</subfield>
    <subfield code="8">MEDICAL</subfield>
    <subfield code="a">FM</subfield>
    <subfield code="b">FM</subfield>
    <subfield code="c">TXT</subfield>
    <subfield code="d">2021-03-26</subfield>
    <subfield code="e">ABC DELHI </subfield>
    <subfield code="g">1095.00</subfield>
    <subfield code="i">SGTU</subfield>
    <subfield code="l">34</subfield>
    <subfield code="m">1</subfield>
    <subfield code="o">616.07 R20G</subfield>
    <subfield code="p">FM12287</subfield>
    <subfield code="r">2025-04-18 00:00:00</subfield>
    <subfield code="s">2025-04-18</subfield>
    <subfield code="w">2021-02-19</subfield>
    <subfield code="y">BK</subfield>
    <subfield code="k">12725</subfield>
  </datafield>
  <datafield tag="952" ind1=" " ind2=" ">
    <subfield code="0">0</subfield>
    <subfield code="1">0</subfield>
    <subfield code="2">ddc</subfield>
    <subfield code="4">0</subfield>
    <subfield code="7">0</subfield>
    <subfield code="8">MEDICAL</subfield>
    <subfield code="a">FM</subfield>
    <subfield code="b">FM</subfield>
    <subfield code="c">TXT</subfield>
    <subfield code="d">2021-03-26</subfield>
    <subfield code="e">ABC DELHI </subfield>
    <subfield code="g">1095.00</subfield>
    <subfield code="i">SGTU</subfield>
    <subfield code="l">8</subfield>
    <subfield code="o">616.07 R20G</subfield>
    <subfield code="p">FM12288</subfield>
    <subfield code="r">2025-12-15 00:00:00</subfield>
    <subfield code="s">2025-12-04</subfield>
    <subfield code="w">2021-02-19</subfield>
    <subfield code="y">BK</subfield>
    <subfield code="k">12725</subfield>
  </datafield>
  <datafield tag="952" ind1=" " ind2=" ">
    <subfield code="0">0</subfield>
    <subfield code="1">0</subfield>
    <subfield code="2">ddc</subfield>
    <subfield code="4">0</subfield>
    <subfield code="7">0</subfield>
    <subfield code="8">MEDICAL</subfield>
    <subfield code="a">FM</subfield>
    <subfield code="b">FM</subfield>
    <subfield code="c">TXT</subfield>
    <subfield code="d">2021-03-26</subfield>
    <subfield code="e">ABC DELHI </subfield>
    <subfield code="g">1095.00</subfield>
    <subfield code="i">SGTU</subfield>
    <subfield code="l">32</subfield>
    <subfield code="o">616.07 R20G</subfield>
    <subfield code="p">FM12289</subfield>
    <subfield code="r">2025-06-26 00:00:00</subfield>
    <subfield code="s">2025-06-26</subfield>
    <subfield code="w">2021-02-19</subfield>
    <subfield code="y">BK</subfield>
    <subfield code="k">12725</subfield>
  </datafield>
  <datafield tag="952" ind1=" " ind2=" ">
    <subfield code="0">0</subfield>
    <subfield code="1">0</subfield>
    <subfield code="2">ddc</subfield>
    <subfield code="4">0</subfield>
    <subfield code="7">1</subfield>
    <subfield code="8">MEDICAL</subfield>
    <subfield code="a">FM</subfield>
    <subfield code="b">FM</subfield>
    <subfield code="c">TXT</subfield>
    <subfield code="d">2021-03-26</subfield>
    <subfield code="e">ABC DELHI </subfield>
    <subfield code="g">1095.00</subfield>
    <subfield code="i">SGTU</subfield>
    <subfield code="l">1</subfield>
    <subfield code="o">616.07 R20G</subfield>
    <subfield code="p">FM12290</subfield>
    <subfield code="r">2023-02-16 00:00:00</subfield>
    <subfield code="s">2023-02-16</subfield>
    <subfield code="w">2021-02-19</subfield>
    <subfield code="y">BK</subfield>
    <subfield code="k">12725</subfield>
  </datafield>
  <datafield tag="999" ind1=" " ind2=" ">
    <subfield code="c">20973</subfield>
    <subfield code="d">20973</subfield>
  </datafield>
</record>
